00927nam a2200253 i 4500003000900000005001700009007000300026008004100029040003000070082001900100100005600119245004400175264008800219300002200307336002700329337003300356338002800389500003800417590002700455910001400482942001400496952014600510999001700656DO-SdBNP20250707141015.0ta090717s2008 dr r 000 0 spa d aDO-SdBNPbspacBNPHUerda 4axxxbB483p2221 aBeras Goico, Freddy,d1940-2010eautor9122284aut.10aParte de mi vida /cFreddy Beras Goico. 1aSanto Domingo, República Dominicana :bEscuela de Artes Gráficas Infotepc2008. avolumen ;c22 cm. atextobtxt2rdacontent asin mediaciónbn2rdamedia 2rdacarrieravolumenbnc aLa biblioteca posee el volumen 1. aInventariado, 2023/ YL aYLockward 2ddccLBS1 00102ddc51708PDaBNPHUbBNPHUcCTd2021-12-16eColegio Nuestra Señora de Lourdesl0oxxx B483pp2023-7994r2023-11-23w2023-11-23yLBS1 c55569d55569